000 00499pab a2200181 454500
008 180718b2009 xxu||||| |||| 00| 0 eng d
100 _aNavjot
245 _aLiberation of women in India: Understanding Ambedkar's viewpoint
260 _c2009
300 _ap.103-118.
362 _aJan-Apr
650 _aAmbedkar, B.R.
650 _aWomens liberation movements - India
650 _aWomens liberation movements
773 _aResearch Journal Social Sciences
908 _aN
909 _a89289
999 _c89289
_d89289